| 000 | 00527nam a2200145Ia 4500 | ||
|---|---|---|---|
| 008 | 140724s9999 xx 000 0 und d | ||
| 050 |
_aLB 1573 _b.D278 2010 |
||
| 100 | _aDe Luzuriaga, Brian Anthony. | ||
| 245 | 2 |
_aA survey on the reading strategies employed at the children of ISAAC Learning Academy / _cBrian Anthony De Luzuriaga. |
|
| 260 |
_aLas PiƱas, Philippines : _bSouthville International School and Colleges, _cc2010. |
||
| 300 |
_a42 p.: _c28 cm. |
||
| 521 | _aSpecial Education | ||
| 942 | _cTH | ||
| 999 |
_c229008 _d229008 |
||